| 000 | 00584nam a22002057i 4500 | ||
|---|---|---|---|
| 999 |
_c23543 _d23543 |
||
| 003 | AR-CdUCM | ||
| 008 | 260306b20212021 pe||||| |||| 00| 0 spa d | ||
| 020 | _a978-607-17-3205-7 | ||
| 040 |
_aMUNICIPALIDAD PROVINCIAL DEL CUSCO _cBIBLIOTECA MUNICIPAL DEL CUSCO |
||
| 041 | _hspa | ||
| 082 |
_aEP / 577 _bA66 |
||
| 100 |
_aArana, Federico _952379 |
||
| 245 | _aEcología para principiantes / | ||
| 260 |
_aMexico : _bTrillas _c2021 |
||
| 300 |
_a151 páginas. : _c23x15 cm. |
||
| 505 | _aEcología | ||
| 856 | _fwww.etrillas.mx | ||
| 942 |
_2ddc _cLIBROS |
||
| 945 |
_apbjr _d06-03-2026 |
||